01001nab a22002297a 4500003000400000005001700004008004100021040000700062100002500069245011200094260007200206300001000278500003800288505011800326505008900444650002000533650001300553650001300566650003200579650002800611773013200639OSt20251231171858.0190605e xxu||||| |||| 00| 0 spa d cPJ aLeón, Gabriela R. 13aLas futbolistas : banálisis crítico del marco legal sobre embarazo y maternidad /cGabriela R. León. aCiudad Autónoma de Buenos Aires :bThomson Reuters La Ley,c2023. ap. 18 aCita: TR LALEY AR/DOC/938/2023.  a Sumario: I. Introducción a la temática.— II. Marco legal: análisis crítico.— III. Palabras finales.  t¿Te interesa el texto completo? Solicitalo al correo: koha@justierradelfuego.gov.ar 0aDERECHO LABORAL 0aDEPORTES 0aEMBARAZO 0aPROTECCION DE LA MATERNIDAD 0aLICENCIA POR MATERNIDAD0 02711dCiudad Autónoma de Buenos Aires : Thomson Reuters La Ley, 1999-2002.tRevista de derecho del trabajo. Nº 3 - Mayo 2023